000 00524nam a2200181Ia 4500
999 _c7612
_d7612
003 OSt
005 20200130133014.0
008 190216s9999||||xx |||||||||||||| ||und||
020 _a9788178297866
040 _coclc
082 _a303.34
_bNOR/L
100 _a Northouse, Peter G
_91131
245 0 _aLeadership : theory and practice /
_cPeter G Northouse
250 _a4th ed.
260 _bSage Publications,
_c2007.
_aNew Delhi:
300 _a392p
942 _cBK
_2ddc
_h303.34
_iNOR/L
_k303.34
_mNOR/L